Sports Quiz

Random Sports or NHL Quiz

NHL #1 Draft Picks Quiz Stats

 Plays Quiz Updated Jul 1, 2021

     
Support Sporcle.
Go Orange.
Score 0/53 Timer 10:00
11 Plays Today
Year Player % Correct
2005Sidney Crosby
95.6%
2015Connor McDavid
91.7%
2004Alexander Ovechkin
90.8%
2016Auston Matthews
89.6%
2007Patrick Kane
87.8%
2019Jack Hughes
85%
2008Steve Stamkos
82.7%
2018Rasmus Dahlin
81.6%
2011Ryan Nugent-Hopkins
80.2%
2013Nathan MacKinnon
78.2%
2002Rick Nash
77.6%
2009John Tavares
76.1%
2003Marc-Andre Fleury
76%
2021Owen Power
75.7%
2014Aaron Ekblad
75%
2012Nail Yakupov
73.7%
2020Alexis Lafreniere
73.7%
2017Nico Hischier
73.3%
2001Ilya Kovalchuk
71.6%
2006Erik Johnson
64.9%
2010Taylor Hall
63.8%
2000Rick DiPietro
63.4%
1998Vincent Lecavalier
62.9%
1984Mario Lemieux
58.1%
1997Joe Thornton
57.5%
1991Eric Lindros
57.2%
1989Mats Sundin
50.9%
Year Player % Correct
1988Mike Modano
50.1%
1993Alexandre Daigle
44.7%
1999Patrik Stefan
41.7%
1985Wendel Clark
36.9%
1971Guy Lafleur
36.6%
1996Chris Phillips
34.7%
1990Owen Nolan
30.2%
1994Ed Jovanovski
26.6%
1973Denis Potvin
26.6%
1981Dale Hawerchuk
26.3%
1978Bobby Smith
25%
1992Roman Hamrlik
24.1%
1995Bryan Berard
24.1%
1970Gilbert Perreault
20.8%
1987Pierre Turgeon
19.2%
1983Brian Lawton
14.4%
1980Doug Wickenheiser
13.1%
1986Joe Murphy
12.7%
1982Gord Kluzak
10.3%
1979Rob Ramage
9.1%
1969Rejean Houle
8.4%
1974Greg Joly
7%
1976Rick Green
6.6%
1972Billy Harris
6.4%
1977Dale McCourt
5.7%
1975Mel Bridgman
5.5%

From the Vault

Finish the Beatles Title II

by aionis

Music 5m
If you have to sing the lyrics to come up with the answer, that's all the better.
Remove Ads.
Support Sporcle.
Get the best of Sporcle when you Go Orange. This ad-free experience offers more features, more stats, and more fun while also helping to support Sporcle. Thank you for becoming a member.

Show Comments

Extras

Top Quizzes Today


Score Distribution

Your Account Isn't Verified!

In order to create a playlist on Sporcle, you need to verify the email address you used during registration. Go to your Sporcle Settings to finish the process.

Report this User

Report this user for behavior that violates our Community Guidelines.

Details: